Mid-year market report (Record no. 71162)

MARC details
000 -LEADER
fixed length control field 00859cam a2200217 4500
001 - CONTROL NUMBER
control field ABS65909
008 - FIXED-LENGTH DATA ELEMENTS--GENERAL INFORMATION
fixed length control field 020917n2002 000 0 eng u
035 ## - SYSTEM CONTROL NUMBER
System control number (Sirsi) u119728
100 ## - MAIN ENTRY--PERSONAL NAME
Personal name Mattson-Teig, B
245 ## - TITLE STATEMENT
Title Mid-year market report
260 ## - PUBLICATION, DISTRIBUTION, ETC.
Date of publication, distribution, etc. 2002
490 ## - SERIES STATEMENT
Series statement National Real Estate Investor
Volume/sequential designation July 2002, 16-22(5)
520 ## - SUMMARY, ETC.
Summary, etc. Examines the current position of the US commercial property market, as buyers look for lower prices to sustain cap rates on properties that are generating lower returns, and sellers are holding out for better pricing, convinced that the economy is about to rally, justifying their demands. Tables. Graphs.
590 ## - LOCAL NOTE (RLIN)
Local note ABS
650 ## - SUBJECT ADDED ENTRY--TOPICAL TERM
Topical term or geographic name entry element REAL ESTATE
650 ## - SUBJECT ADDED ENTRY--TOPICAL TERM
Topical term or geographic name entry element PROPERTY MARKETS
650 ## - SUBJECT ADDED ENTRY--TOPICAL TERM
Topical term or geographic name entry element MARKETS
650 ## - SUBJECT ADDED ENTRY--TOPICAL TERM
Topical term or geographic name entry element USA
690 ## - LOCAL SUBJECT ADDED ENTRY--TOPICAL TERM (OCLC, RLIN)
Topical term or geographic name as entry element PROPERTY-COMMERCIAL PROPERTY-COMMERCIAL PROPERTY MARKET
942 ## - ADDED ENTRY ELEMENTS (KOHA)
Suppress in OPAC 0
Holdings
Withdrawn status Lost status Source of classification or shelving scheme Damaged status Not for loan Home library Current library Shelving location Date acquired Total Checkouts Full call number Barcode Date last seen Copy number Price effective from Koha item type
    Dewey Decimal Classification     London London Journal article 17/09/2002   ABS65909 119728-1001 06/08/2019 1 06/08/2019 Journal article